| Tag |
First Indicator |
Second Indicator |
Subfields |
| LEADER |
00000cam a2200000 4500 |
| 001 |
in00000035767 |
| 005 |
20151007062128.0 |
| 008 |
800701s1922 moua 00010 eng |
| 010 |
|
|
|a 22007215
|
| 035 |
|
|
|a (OCoLC)06474530
|
| 035 |
|
|
|9 AAD4023AM
|
| 040 |
|
|
|a DLC
|c TXA
|d UtOrBLW
|
| 049 |
|
|
|a TXAM
|c [33114]
|
| 050 |
|
0 |
|a SF478
|b .H5 1922
|
| 092 |
|
|
|a 636.5
|b H71c
|
| 100 |
1 |
|
|a Hogan, Walter,
|d -1921.
|
| 245 |
1 |
4 |
|a The call of the hen ;
|b or, The science of selecting and breeding poultry for egg-production /
|c by Walter Hogan; rev. and improved by T. E. Quisenberry.
|
| 264 |
|
1 |
|a Kansas City, Mo. :
|b American Poultry School,
|c [1922]
|
| 264 |
|
4 |
|c ©1922
|
| 300 |
|
|
|a 131 pages :
|b illustrations (1 color) ;
|c 23 cm.
|
| 336 |
|
|
|a text
|b txt
|2 rdacontent
|
| 337 |
|
|
|a unmediated
|b n
|2 rdamedia
|
| 338 |
|
|
|a volume
|b nc
|2 rdacarrier
|
| 650 |
|
0 |
|a Poultry.
|
| 700 |
1 |
|
|a Quisenberry, T. E.
|q (Thomas E.),
|d 1875-
|
| 710 |
2 |
|
|a American Poultry School.
|
| 999 |
|
|
|a MARS
|
| 999 |
f |
f |
|s 566529be-1d7a-37a3-bd62-247be0794c2f
|i e9807731-f398-3ae0-91a3-8e7a428ccedf
|t 0
|
| 952 |
f |
f |
|p ric
|a Texas A&M University
|b Rellis Campus
|c Joint Library Facility
|d Remote Storage
|t 0
|e SF478 .H5 1922
|h Library of Congress classification
|i unmediated -- volume
|m A14801091514
|
| 998 |
f |
f |
|a SF478 .H5 1922
|t 0
|l Remote Storage
|